| 000 | 00789nam a2200241 a 4500 | ||
|---|---|---|---|
| 003 | MX-MxUPN | ||
| 005 | 20230525063730.0 | ||
| 008 | 220307t1995 mx a|||| |||| 000 0 spa d | ||
| 020 | _a968439605X | ||
| 040 |
_aMX-MxUPN _bspa _cMX-MxUPN |
||
| 041 | 0 | _aspa | |
| 049 | _aLT | ||
| 050 | 4 |
_aLB1585 M6.3 _bO4.2 |
|
| 100 | 1 |
_aOllinger Azoños, Ma. del Socorro _943890 |
|
| 245 | 1 | 0 | _aCiencias naturales 3o /Ma. del Socorro Ollinger Azoños, Juana Benítez Salgado. |
| 250 | _a1a ed. | ||
| 260 |
_aMéxico, D.F. : _bPublicaciones Cultural, _c©1995. |
||
| 300 |
_a191 p. : _bil. col. |
||
| 650 | 4 |
_aCiencias naturales _xEstudio y enseñanza (Elemental) _92812 |
|
| 650 | 4 |
_aCiencias naturales _vLibros de texto _910151 |
|
| 700 | 1 |
_aBenítez Salgado, Juana _943891 _ecoaut. |
|
| 905 | _aLibro | ||
| 999 |
_c208217 _d208217 |
||